| 000 | 00893nam a2200289 i 4500 | ||
|---|---|---|---|
| 001 | 66412 | ||
| 003 | ES-MaACL | ||
| 005 | 20230906165630.0 | ||
| 007 | t| | ||
| 008 | 030822s2002 sp ||||0| spa d | ||
| 020 | _a84-7774-760-1 | ||
| 040 |
_aM-BN _bspa _cM-BN |
||
| 080 | _a1"19" | ||
| 080 | _a130.2"19" | ||
| 100 | 1 |
_aMuñoz, Jacobo. _9137824 |
|
| 245 | 1 | 0 |
_aFiguras del desasosiego moderno _b: encrucijadas filosóficas de nuestro tiempo / _cJacobo Muñoz. |
| 260 |
_aBoadilla del Monte (Madrid) : _bA. Machado, _c[2002] |
||
| 300 |
_a480 p ; _c23 cm. |
||
| 490 | 1 | _aMínimo tránsito | |
| 490 | 1 |
_aTeoría y crítica ; _v7 |
|
| 650 | 1 | 4 |
_aFilosofía- _yS.XX. _912826 |
| 650 |
_aCivilización- _xFilosofía. _911081 |
||
| 830 | 0 |
_aMínimo tránsito _9183028 |
|
| 830 | 0 |
_aTeoría y crítica ; _v7 _9125013 |
|
| 852 |
_aES-MaACL _jL-26923 _bR.132532 |
||
| 999 |
_c66412 _d66412 |
||